Quizzes
Events
Quiz Creation
Community
Videos
Private Events
Remove Ads
Sign In
Join for FREE
Feedback
Dark Mode
Quiz Categories
Sports
Geography
Music
Movies
Television
Just For Fun
Miscellaneous
History
Literature
Language
Science
Gaming
Entertainment
Religion
Holiday
For Kids
Quiz Lab
Recent
Popular Today
Quiz Kudos Today
Editor Picks
Curator Picks
Quizzes by...
Day
Popularity
Type
Ratings
Length
Year
Community
Subscriptions
Recent Discussions
Orange Saloon
Badges
Playlists
Quests
Create
Leaderboards
Showdown
Live 5
Trivia Bingo
Activity
Puzzle Library
Sporcle Events
Private Events
Virtual Trivia
Globe League
Become a Host
Pub Owners
SporcleCon
Opinionation
Our Games
Videos
Blog
Mobile Apps
Partnerships
Remove Ads and Go Orange
Feedback
Language
Vocabulary
Begins and Ends
Definition
Spanish
French
German
Italian
Chinese
Latin
Translation
Japanese
Language
Vocabulary
Begins and Ends
Definition
Spanish
French
German
Italian
Chinese
Latin
Translation
Japanese
Random Quiz
Search Sporcle
×
Quiz Lab
Quiz Lab
Language
initial
Type in answers that appear in a list
Type in answers that appear in a list
Classic
Best Score? Go Orange.
_D (Initials) Stats
Can you name the people/phrases that have the initials _D?
By
marinadelrey
5m
26 Questions
49 Plays
49 Plays
49 Plays
Comments
Comments
Give Quiz Kudos
Give Quiz Kudos
-
- Ratings
hide this ad
Replay
Link that replays current quiz
Next Quiz
Link to next quiz in quiz playlist
You Got
0%
They Got
Avg Score
60%
Avg Friend Score
Upgrade to see
Score Distribution
Jump to the score distribution portion of the page
Score
0/26
Timer
05:00
0
Plays Today
Hint
Answer
% Correct
iconic American motorcycle brand
Harley-Davidson
93.9%
a Tennessee whiskey, or what Ke$ha uses to brush her teeth
Jack Daniel's
93.9%
match.com and eHarmony are examples of this 21st century practice
Online dating
93.9%
second largest city in California
San Diego
93.9%
the father of animation
Walt Disney
93.9%
coffee and baked goods franchise; there's one on every corner in Massachusetts
Dunkin' Donuts
89.8%
a Hallmark holiday bemoaned by lonely hearts
Valentine's Day
89.8%
a famous Parisian church, no Fighting Irish there
Notre Dame
85.7%
rock band, performers of 'Boulevard of Broken Dreams'
Green Day
83.7%
a monthly general interest magazine, its small size sets it apart
Reader's Digest
77.6%
ginger ale brand, not from the Great White North
Canada Dry
75.5%
In the Year of Our Lord
Anno Domini
71.4%
anorexia nervosa is an example of this
Eating disorder
71.4%
Hint
Answer
% Correct
the most populous county in Florida
Miami-Dade
63.3%
OMG, an online reference center for slang
Urban Dictionary
61.2%
perky American actress from (500) Days of Summer
Zooey Deschanel
61.2%
creator of a famous 'show about nothing'
Larry David
53.1%
a television show about a man who could bring back the dead with a touch
Pushing Daisies
44.9%
a horror film franchise focused on teenagers escaping death
Final Destination
40.8%
a weather system even lower in intensity than a tropical storm or hurricane
Tropical depression
34.7%
even more HD than HD
Extreme Definition
34.7%
the theory that the universe was created by some powerful entity
Intelligent design
24.5%
a 2009 American spoof of blaxploitation movies
Black Dynamite
12.2%
a title generally held by the widow of a dead king
Queen dowager
10.2%
a syndrome in young children that leads to swollen glands and heart damage
Kawasaki disease
8.2%
the location of the Cape Cod Baseball League's Red Sox
Yarmouth-Dennis
4.1%
Quiz Playlist
Details
Report
Send in Message
Add To Playlist
Classic:
Type in answers that appear in a list
Last Updated: Feb 16, 2017
Quiz Scoreboard
CHALLENGE
Sign Up to Join the Scoreboard
Show All
Scores
Hide
Comments
May contain spoilers
Recently Published
Movies - When Are They Set?
by FPL_Elf
Movies
5m
Popular People in 1961
by mucciniale
History
6m
1-10 Letter E Words III
by El_Dandy
Language
2m
More to Explore
Quiz From the Vault
Featured Blog Post
Where Did the Easter Bunny Come From?
hide this ad
You Might Also Like...
Tags
initial
phrase
Today's Top Quizzes in Language
Browse Language
hide this ad
Today's Top Quizzes in initial
Browse initial
Top Contributed Quizzes in Language
1
Order Up: Top 10 Most Native Spoken Languages
2
1-10 Letter F Words III
3
1-10 Letter G Words III
4
1-10 Letter H Words III
5
1-10 Letter I Words III
6
One Thing in Common: Italy
7
1-10 Letter J Words III
8
Weisst du, aus welchen Sprachen diese Wörter stammen?
9
Hiragana Speed Reading
10
Begins and Ends With AN
Explore More
Trending Topics
Disney
Marvel
NBA
Anime
Harry Potter
Kpop
Crossword
Puzzle
Song
WWE
The Office
Country
NFL
Soccer
Pokémon
hide this ad
More By:
marinadelrey
Quiz
Plays
Rating
Category
Featured
Created
All Time Olympics Medal Winners
143,221
4.41
Sports
Oct 28, 2009
The French Quiz
106,283
3.52
Miscellaneous
Nov 5, 2009
Countries with Most Scrabble Points
90,234
4.70
Geography
Oct 8, 2009
The Five Basic Tastes
79,959
4.17
Science
Oct 15, 2009
Ends in 'QUE' II
78,823
3.88
Language
May 11, 2010
Go to Creator's Profile
Score Distribution
Quiz Creator Spotlight
marinadelrey
Follow
Send a Message
Quizzes Created
-
Created Quiz Play Count
-
More By This Creator
Popular Quizzes Today
1
Find the Countries of Europe - No Outlines Minefield
2
Find the US States - No Outlines Minefield
3
The Countries of the World
4
Popular People in 1961
5
US States
6
1-10 Letter E Words III
7
Find the US States
8
One Thing in Common: World Cities II
More Language Quizzes
Compounds Starring Celebrities!
Published
Trending Quizzes
Risky Map Clicking: Least Populous States A-Z
1-10 Letter F Words
1-10 Letter G Words
One Thing in Common: United Kingdom
Risky Map Clicking: Next State Alphabetically
Recently Updated
Leaping Animals
pecheneg
Reality TV Shows (A-Z)
bhenderson79
Rickey Henderson's Hall of Fame Teammates
pecheneg
Champions League XIs: Arsenal
pecheneg
Quick Pick: Celebrities in WWE's Hall of Fame
aduchscher
A-Z Keypad Blitz II
pecheneg
Multiple Oscar Actors
pecheneg
Mystery Phrase Blitz: Oscar 'Best Actors'
pecheneg
F. Scott Fitzgerald Novels
LTH
Pick 3 Villains
ddd62291
Trending Topics
Harry Potter
Kpop
Disney
Crossword
Marvel
Anime
NBA
Song
WWE
The Office
Country
Puzzle
NFL
Soccer
Pokémon
Your Account Isn't Verified!
In order to create a playlist on Sporcle, you need to verify the email address you used during registration. Go to your
Sporcle Settings
to finish the process.
Report this User
Report this user for behavior that violates our
Community Guidelines
.
Details:
Send Report
Go to the Sporcle.com Mobile Site →
Comments